000 00788nam a22002535i 4500
001 176254
003 ES-MaACL
005 20230906220030.0
008 101228s1949 fr |||| | fre d
080 _a930.85(37)
100 1 _aPiganiol, André.
_991990
245 1 0 _aHistoire de Rome /
_cpar André Piganiol.
250 _a3e éd.
260 _aParis :
_bPresses Universitaires de France,
_c1949.
300 _aXXXV, 610 p. ;
_c19 cm.
490 1 _aClio, introduction aux études historiques ;
_v3
500 _aÍndice.
504 _aBibliografía: p. XI-LI.
546 _aTexto en francés.
651 4 _aRoma-
_xHistoria.
_99312
830 0 _aClio, introduction aux études historiques ;
_v3
_9189992
852 _aES-MaACL
_jE-13917
_xOlim P-671
999 _c176254
_d176254